Countries written with elements - Statistics

General Stats
  • This quiz has been taken 33 times
    18 since last reset
  • The average score is 23 of 30
Answer Stats
Hint Answer % Correct
Carbon + Hydrogen + Iodine + Sodium China
93%
Fluorine + Indium + Lanthanum + Neodymium Finland
93%
Hydrogen + Oxygen + Neodymium + Uranium + Radium + Sulphur Honduras
93%
Bromine + Uranium + Neon + Iodine Brunei
87%
Iodine + Cerium + Lanthanum + Neodymium Iceland
87%
Iodine + Rhenium + Lanthanum + Neodymium Ireland
87%
Berylium + Lanthanum + Ruthenium + Sulphur Belarus
80%
Boron + Hydrogen + Uranium + Tantalum + Nitrogen Bhutan
80%
Carbon + Yttrium + Phosphorus + Ruthenium + Sulphur Cyprus
80%
Iodine + Radium + Nitrogen Iran
80%
Lanthanum + Osmium Laos
80%
Neon + Thorium + Erbium + Lanthanum + Neodymium + Sulphur Netherlands
80%
Phosphorus + Hydrogen + Indium + Lithium + Phoshorus + Phosphorus + Indium + Einsteineum Philippines
80%
Sulphur + Indium + Galium + Phosphorus + Oxygen + Rhenium Singapore
80%
Barium + Hydrogen + Radium + Indium Bahrain
73%
Boron + Uranium + Ruthenium + Neodymium + Iodine Burundi
73%
Copper + Barium Cuba
73%
Galium + Boron + Oxygen + Nitrogen Gabon
73%
Neon + Phosphorus + Aluminium Nepal
73%
Phosphorus + Aluminium + Gold Palau
73%
Phosphorus + Erbium + Uranium Peru
73%
Phosphorus + Oxygen + Lanthanum + Neodymium Poland
73%
Argon + Germanium + Nitrogen + Titanium + Sodium Argentina
67%
Barium + Hydrogen + Americium + Arsenic Bahamas
67%
Berylium + Nickel + Nitrogen Benin
67%
Carbon + Americium + Erbium + Oxygen + Oxygen + Nitrogen Cameroon
67%
Molybdenum + Sodium + Cobalt Monaco
67%
Sodium + Uranium + Ruthenium Nauru
67%
Potassium + Iridium + Iodine + Barium + Titanium Kiribati
60%
Uranium + Potassium + Radium + Iodine + Neon Ukraine
60%
No matching quizzes found
Score Distribution
Percent of People with Each Score
Percentile by Number Answered
Your Score History
You have not taken this quiz since the last reset